Sports Quiz

Random Sports or Football Quiz

Notre Dame Football Numbers 2011 Quiz Stats

 Plays Quiz not verified by Sporcle

Score 0/30 Timer 06:00
0 Plays Today
Number Player % Correct
#5Manti Te'o
92.5%
#3 (pending)Michael Floyd
88.3%
#11Tommy Rees
86.7%
#10Dayne Crist
82.5%
#6Theo Riddick
78.3%
#22Harrison Smith
75.8%
#20Cierre Wood
75%
#4Gary Gray
70.8%
#12Robert Blanton
69.2%
#7TJ Jones
68.3%
#80Tyler Eifert
67.5%
#19Aaron Lynch
65.8%
#17Zeke Motta
64.2%
#44Carlo Calabrese
64.2%
#9Robby Toma
62.5%
Number Player % Correct
#81John Goodman
60%
#9Louis Nix
59.2%
#35Ben Turk
58.3%
#26Jamoris Slaughter
52.5%
#89Kapron Lewis-Moore
52.5%
#90Ethan Johnson
52.5%
#45Darius Fleming
50.8%
#55Prince Shembo
50.8%
#97David Ruffer
50%
#1Ishaq Williams
45.8%
#2Bennett Jackson
42.5%
#70Zack Martin
41.7%
#78Trevor Robinson
37.5%
#52Braxston Cave
31.7%
#75Taylor Dever
28.3%

You're not logged in!

Compare scores with friends on all Sporcle quizzes.
Join for Free
OR
Log In

You Might Also Like...

Show Comments

Extras

Top Quizzes Today


Score Distribution

Your Account Isn't Verified!

In order to create a playlist on Sporcle, you need to verify the email address you used during registration. Go to your Sporcle Settings to finish the process.

Report this User

Report this user for behavior that violates our Community Guidelines.

Details: